[Event "Voronezh op-B 23rd"]
[Site "Voronezh"]
[Date "2019.06.15"]
[Round "4"]
[White "Kropachev, Mikhail"]
[Black "Koshelev, Vladimir"]
[Result "0-1"]
[WhiteElo "1332"]
[BlackElo "1725"]
[PlyCount "114"]
[EventDate "2019.06.12"]
[EventType "swiss"]
[EventRounds "9"]
[EventCountry "RUS"]
[SourceTitle "EXT 2020"]
[Source "ChessBase"]
[SourceDate "2019.10.17"]
[SourceVersion "1"]
[SourceVersionDate "2019.10.17"]
[SourceQuality "1"]

1. e4 c6 2. d4 g6 3. Nf3 Bg7 4. Bf4 d6 5. h3 Qb6 6. b3 Nd7 7. c3 Ngf6 8. Bd3 c5 9. Be3 Qc6 10. Qc2 Rb8 11. a4 a6 12. Nbd2 0-0 13. 0-0 Qc7 14. a5 Re8 15. Ra2 e5 16. d5 h6 17. Rd1 Nf8 18. Nc4 Nh5 19. Kh2 Nf4 20. Bf1 g5 21. Nfd2 g4 22. f3 gxh3 23. gxh3 N8g6 24. Bf2 Qe7 25. Bg3 Kh7 26. Nb6 Rg8 27. Ndc4 Bd7 28. Ne3 Bf6 29. Qf2 Nh5 30. Kh1 Nxg3+ 31. Qxg3 Bh4 32. Qh2 Nf4 33. Nxd7 Qxd7 34. Nf5 Qd8 35. Bg2 Qf6 36. Rg1 Rg6 37. Rd2 Rbg8 38. Rb2 Bg3 39. Nxg3 Rxg3 40. h4 Qg6 41. b4 cxb4 42. cxb4 Qf6 43. Rf2 Qd8 44. Rc2 Qd7 45. h5 Nxg2 46. Rgxg2 Rh3 47. Rxg8 Rxh2+ 48. Kxh2 Kxg8 49. Rg2+ Kf8 50. Rc2 Ke7 51. Kg3 Kf6 52. f4 exf4+ 53. Kxf4 Qe7 54. Rf2 Qe5+ 55. Ke3+ Kg7 56. Rg2+ Kh7 57. Rc2 Qxh5 0-1

[Event "Voronezh op-B 23rd"]
[Site "Voronezh"]
[Date "2019.06.14"]
[Round "3"]
[White "Stepanischev, Gregory"]
[Black "Kropachev, Mikhail"]
[Result "1-0"]
[WhiteElo "1765"]
[BlackElo "1332"]
[PlyCount "179"]
[EventDate "2019.06.12"]
[EventType "swiss"]
[EventRounds "9"]
[EventCountry "RUS"]
[SourceTitle "EXT 2020"]
[Source "ChessBase"]
[SourceDate "2019.10.17"]
[SourceVersion "1"]
[SourceVersionDate "2019.10.17"]
[SourceQuality "1"]

1. d4 d5 2. Nf3 Nf6 3. c4 c6 4. Nc3 dxc4 5. g3 b5 6. Bg2 e6 7. Ne5 Nd5 8. e4 Nxc3 9. bxc3 Bb7 10. Qg4 Nd7 11. Nxd7 Qxd7 12. 0-0 h5 13. Qe2 Rd8 14. Rd1 Be7 15. Be3 Ba8 16. a4 a6 17. axb5 axb5 18. Ra6 e5 19. Rda1 Bb7 20. Ra7 Bd6 21. dxe5 Bxe5 22. Bd4 Bxd4 23. cxd4 Qxd4 24. e5 Rh6 25. Qa2 Qb6 26. Qb2 Re6 27. Bh3 Rg6 28. e6 fxe6 29. Qe5 Rf6 30. Qxh5+ Ke7 31. Qe2 c3 32. R7a2 c5 33. Qg4 Rf7 34. Re2 Rd6 35. Rae1 Bd5 36. Qg5+ Kd7 37. Qg6 Re7 38. Re5 Qc6 39. Ra1 Qb7 40. Qg5 b4 41. Qe3 Kc6 42. Ra5 Qb6 43. Ra1 c2 44. Bf1 c4 45. Qc1 b3 46. Qb2 Kd7 47. Re3 Rc6 48. Rc3 Rf7 49. Rxc2 bxc2 50. Qxc2 e5 51. Rb1 Qc5 52. Rb7+ Rc7 53. Bh3+ Ke7 54. Rb8 Qd6 55. Qa4 Qc6 56. Qc2 Be4 57. Qc3 Qc5 58. Rb2 Rf3 59. Qd2 c3 60. Qg5+ Kd6 61. Re2 Qd4 62. Qd8+ Kc6 63. Qa8+ Rb7 64. Bf1 c2 65. Qc8+ Kb6 66. Qe6+ Bc6 67. Qa2 Rbf7 68. Rxc2 Kc7 69. Qa5+ Kd7 70. Rd2 Rxf2 71. Rxd4+ exd4 72. Bh3+ Kd6 73. Qb4+ Kc7 74. Qxd4 R2f6 75. Qc5 Rf8 76. Bg2 Rd8 77. Qa7+ Kd6 78. Qxg7 Rdf8 79. Bxc6 Kxc6 80. h4 Rf1+ 81. Kg2 R8f2+ 82. Kh3 Rh1+ 83. Kg4 Rhf1 84. h5 Rf7 85. h6 R1f6 86. Kg5 Rf3 87. g4 R3f4 88. Qc3+ Kb7 89. Qb2+ Ka8 90. Qa2+ 1-0